000
00333 a2200145 4500
001
156697
040
_c
Escola São Tomás de Aquino
100
_a
ALVES, Francisco
240
1
0
_a
O dodói da Gigi
_l
por
245
1
0
_a
O dodói da Gigi
362
0
_a
2007
440
1
_a
Signus
697
_a
Tumores e câncer/ leucemia
942
_c
BK
999
_c
156697
_d
156697